[Event "Nakhchivan Open 2016"]
[Site "Nakhchivan AZE"]
[Date "2016.05.13"]
[Round "4.2"]
[White "Safarli, Eltaj"]
[Black "Rasulov, Vugar"]
[Result "1-0"]
[WhiteTitle "GM"]
[BlackTitle "GM"]
[WhiteElo "2664"]
[BlackElo "2486"]
[WhiteFideId "13402129"]
[BlackFideId "13402390"]
[EventDate "2016.05.10"]

1. e4 e5 2. Nf3 Nc6 3. Bb5 a6 4. Ba4 Nf6 5. O-O Be7 6. Re1 b5 7. Bb3 d6 8. c3
O-O 9. h3 Bb7 10. d3 Na5 11. Bc2 c5 12. Nbd2 Nc6 13. Nf1 Re8 14. Bg5 h6 15. Bxf6
Bxf6 16. Ne3 Ne7 17. Bb3 d5 18. Ng4 c4 19. dxc4 dxc4 20. Nxf6+ gxf6 21. Bc2 Qxd1
22. Rexd1 Red8 23. Nh4 Kf8 24. f3 Ke8 25. Kf2 Bc8 26. Rxd8+ Kxd8 27. Rd1+ Kc7
28. Nf5 Bxf5 29. exf5 a5 30. g4 Rb8 31. Kg3 Nc8 32. Rd5 Nd6 33. Be4 Kd7 34. Kh4
Ke7 35. Kh5 Rc8 36. a4 bxa4 37. Rxa5 Rb8 38. Rxa4 Rxb2 39. Kxh6 Rb3 40. Ra7+ Kf8
41. Ra8+ Ke7 42. Kg7 Nxe4 43. fxe4 Rxc3 44. Ra7+ Kd6 45. Kxf7 Rxh3 46. Kxf6 c3
47. g5 Re3 1-0

[Event "Nakhchivan Open 2016"]
[Site "Nakhchivan AZE"]
[Date "2016.05.13"]
[Round "4.3"]
[White "Mirzoev, Azer"]
[Black "Enkhtuul, Altan-Ulzii"]
[Result "1/2-1/2"]
[WhiteTitle "GM"]
[BlackTitle "WGM"]
[WhiteElo "2510"]
[BlackElo "2208"]
[WhiteFideId "13400304"]
[BlackFideId "4901444"]
[EventDate "2016.05.10"]

1. d4 Nf6 2. Nf3 d5 3. c4 c6 4. Qc2 g6 5. Bf4 Bg7 6. e3 O-O 7. Nc3 Na6 8. a3 Bf5
9. Qb3 Qb6 10. Qxb6 axb6 11. Na4 Nb4 12. axb4 Bc2 13. c5 bxc5 14. bxc5 Bxa4 15.
Rc1 Rfc8 16. Bd3 Nd7 17. Bg3 f6 18. O-O Bb5 19. Bxb5 cxb5 20. h3 Rc6 21. Ne1 b6
22. Nd3 bxc5 23. Nxc5 Nxc5 24. b4 e5 25. Rxc5 Rxc5 26. bxc5 exd4 27. exd4 f5 28.
c6 Rc8 29. c7 g5 30. Bd6 Bf8 31. Bxf8 Kxf8 32. Rb1 Rxc7 33. Rxb5 Rd7 34. Rb6 Kg7
35. g3 Kf7 36. Kg2 Ra7 37. Rd6 Ra5 38. Rd7+ Kg6 39. h4 g4 40. Rd6+ Kf7 41. h5
Ke7 42. Rh6 Ra4 43. Rxh7+ Kf6 44. Rd7 Rxd4 45. h6 Re4 46. Rxd5 Re8 47. Kf1 Rh8
48. Ke2 Rxh6 49. Ke3 Kg5 50. Rd8 Re6+ 1/2-1/2

[Event "Nakhchivan Open 2016"]
[Site "Nakhchivan AZE"]
[Date "2016.05.13"]
[Round "4.4"]
[White "Alekseev, Evgeny"]
[Black "Asadli, Vugar"]
[Result "1/2-1/2"]
[WhiteTitle "GM"]
[BlackTitle "FM"]
[WhiteElo "2633"]
[BlackElo "2397"]
[WhiteFideId "4138147"]
[BlackFideId "13405764"]
[EventDate "2016.05.10"]

1. Nf3 Nf6 2. c4 g6 3. g3 Bg7 4. Bg2 O-O 5. O-O d6 6. d4 Nc6 7. Nc3 a6 8. Bf4
Rb8 9. Rc1 b5 10. Nd5 Bg4 11. Nxf6+ Bxf6 12. Be3 bxc4 13. Rxc4 Nb4 14. a3 Nd5
15. Bh6 Re8 16. b4 Nb6 17. Rc1 Qd7 18. Qd3 Qb5 19. Qxb5 axb5 20. Rxc7 Rec8 21.
Rfc1 Nc4 22. Ra7 Bxf3 23. Bxf3 e6 24. d5 Bd4 25. Ra6 e5 26. a4 bxa4 27. Rxa4 f5
28. e3 Nd2 29. Rxc8+ Rxc8 30. Be2 Bb6 31. Ra6 Rb8 32. Kg2 Ne4 33. Bd3 Nf6 34. f3
e4 35. fxe4 fxe4 36. Be2 Kf7 37. Ra1 Ke7 38. Bg5 h6 39. Bxh6 Nxd5 40. Bg5+ Ke6
41. Bg4+ Ke5 42. Bf4+ Kf6 43. Rd1 1/2-1/2

[Event "Nakhchivan Open 2016"]
[Site "Nakhchivan AZE"]
[Date "2016.05.13"]
[Round "4.5"]
[White "Pirverdiyev, Agil"]
[Black "Tiviakov, Sergei"]
[Result "1/2-1/2"]
[BlackTitle "GM"]
[WhiteElo "2355"]
[BlackElo "2591"]
[WhiteFideId "13400568"]
[BlackFideId "1008013"]
[EventDate "2016.05.10"]

1. e4 e6 2. d4 d5 3. Nd2 dxe4 4. Nxe4 Nd7 5. Nf3 Ngf6 6. Nxf6+ Nxf6 7. Bd3 c5 8.
O-O cxd4 9. Nxd4 Bc5 10. Nf3 O-O 11. Bg5 Be7 12. Qe2 Qb6 13. c3 Bd7 14. Ne5 Bc6
15. Rad1 Rad8 16. Nxc6 bxc6 17. Bc4 Qc7 18. g3 Nd5 19. Bc1 g6 20. Kg2 Bf6 21.
Rfe1 Qe7 22. Bb3 Rd7 23. Qa6 Qc5 24. Ba4 Rfd8 25. Kg1 Rd6 26. Bb3 Kg7 27. Qe2 h5
28. h4 R6d7 1/2-1/2

[Event "Nakhchivan Open 2016"]
[Site "Nakhchivan AZE"]
[Date "2016.05.13"]
[Round "4.6"]
[White "Khenkin, Igor"]
[Black "Muradli, Mahammad"]
[Result "1-0"]
[WhiteTitle "GM"]
[BlackTitle "FM"]
[WhiteElo "2575"]
[BlackElo "2352"]
[WhiteFideId "4659600"]
[BlackFideId "13409301"]
[EventDate "2016.05.10"]

1. d4 Nf6 2. c4 g6 3. Nc3 Bg7 4. e4 d6 5. Nf3 O-O 6. Be2 e5 7. d5 a5 8. Bg5 h6
9. Be3 Na6 10. Nd2 Bd7 11. g4 Nxg4 12. Bxg4 f5 13. exf5 gxf5 14. h3 f4 15. Bxd7
Qxd7 16. Nde4 fxe3 17. fxe3 Nb4 18. a3 Qe7 19. Kd2 Qh4 20. Qg4 Qxg4 21. hxg4 Na6
22. Ke2 Rad8 23. g5 hxg5 24. Nxg5 Rf5 25. Ne6 Rd7 26. Ne4 Bf8 27. Rag1+ Kf7 28.
Rf1 1-0

[Event "Nakhchivan Open 2016"]
[Site "Nakhchivan AZE"]
[Date "2016.05.13"]
[Round "4.7"]
[White "Hasanzade, Toghrul"]
[Black "Abasov, Nijat"]
[Result "0-1"]
[WhiteTitle "FM"]
[BlackTitle "GM"]
[WhiteElo "2326"]
[BlackElo "2571"]
[WhiteFideId "13407716"]
[BlackFideId "13402960"]
[EventDate "2016.05.10"]

1. e4 c5 2. c3 Nf6 3. e5 Nd5 4. d4 cxd4 5. Qxd4 e6 6. Nf3 Nc6 7. Qe4 f5 8. Qe2
b5 9. Qxb5 Qc7 10. Qe2 a5 11. c4 Ba6 12. Nc3 Nxc3 13. bxc3 a4 14. Bf4 Na5 15.
Nd2 Be7 16. Qd1 Nxc4 17. Nxc4 Bxc4 18. Qd4 Rc8 19. Bd2 Bxf1 20. Kxf1 O-O 21. h4
Bc5 22. Qf4 Qb7 23. Qxa4 Qd5 24. Qf4 Ba7 25. Be1 Rc4 26. Qd2 Qc6 27. Rh3 Rg4 28.
f3 Qc4+ 29. Qe2 Qxe2+ 30. Kxe2 Rxg2+ 31. Kd3 Rb8 32. Rg3 Rh2 33. f4 Rbb2 34. a4
Kf8 35. Kc4 Rxh4 36. Rf3 Rg4 37. a5 g5 38. Rd1 Ke8 39. Rd6 Rxf4+ 40. Rxf4 gxf4
41. Ra6 Rb7 42. Rd6 Rb1 0-1

[Event "Nakhchivan Open 2016"]
[Site "Nakhchivan AZE"]
[Date "2016.05.13"]
[Round "4.8"]
[White "Mammadzada, Gunay"]
[Black "Pavlov, Sergey2"]
[Result "0-1"]
[WhiteTitle "WGM"]
[BlackTitle "IM"]
[WhiteElo "2318"]
[BlackElo "2452"]
[WhiteFideId "13403729"]
[BlackFideId "14114330"]
[EventDate "2016.05.10"]

1. e4 e5 2. Nf3 Nc6 3. Bb5 a6 4. Ba4 Nf6 5. O-O b5 6. Bb3 Bb7 7. d4 Nxd4 8. Nxd4
exd4 9. e5 Ne4 10. f3 Nc5 11. Qxd4 Ne6 12. Qf2 d5 13. Rd1 Bc5 14. Be3 d4 15. Bc1
Qe7 16. Kh1 O-O-O 17. Qe2 d3 18. Bxe6+ Qxe6 19. cxd3 Rhe8 20. Re1 Qf5 21. Nc3
Qxd3 22. Bf4 h6 23. Rac1 Bb6 24. Ne4 g5 25. Be3 Qxe3 26. Qxe3 Bxe3 27. Rxe3 Bxe4
28. Rxe4 Rd2 29. Rb1 Kd7 30. Kg1 c5 31. f4 f5 32. Ree1 Ke6 33. Rbd1 Red8 34. Rc1
R8d5 35. Rc3 gxf4 36. Rh3 Rxe5 37. Rxh6+ Kd5 38. Rxe5+ Kxe5 39. Rxa6 Rxb2 40. h4
c4 41. Rc6 Kd5 42. Rf6 c3 43. Rxf5+ Ke4 0-1

[Event "Nakhchivan Open 2016"]
[Site "Nakhchivan AZE"]
[Date "2016.05.13"]
[Round "4.9"]
[White "Beradze, Irakli"]
[Black "Naghdiyev, Niyazi"]
[Result "1/2-1/2"]
[BlackTitle "FM"]
[WhiteElo "2425"]
[BlackElo "2351"]
[WhiteFideId "13604597"]
[BlackFideId "13405519"]
[EventDate "2016.05.10"]

1. Nf3 d5 2. g3 Nf6 3. Bg2 g6 4. b3 Bg7 5. Bb2 O-O 6. c4 c6 7. O-O b6 8. d3 Bb7
9. Nbd2 Nbd7 10. Qc2 Re8 11. Rac1 Rc8 12. Ne5 Nxe5 13. Bxe5 c5 14. Qb2 Qd7 15.
cxd5 Bxd5 16. e4 Bb7 17. Nc4 Red8 18. Rcd1 Ne8 19. Bxg7 Nxg7 20. Qe2 Ne6 21. f4
Nd4 22. Qf2 f6 23. h4 Nb5 24. Qc2 Nd4 25. Qb2 Qg4 26. Kf2 e5 27. Ne3 Qh5 28.
fxe5 fxe5 29. Kg1 Qe2 30. Qd2 Rf8 31. Qxe2 Nxe2+ 32. Kh2 Rxf1 33. Bxf1 Nd4 34.
Bh3 Re8 35. Kg2 Kg7 36. Rd2 Rd8 37. Nc4 Nc6 38. Kf2 Ba6 39. Ke3 Bxc4 40. dxc4
Nd4 41. Bg4 h6 42. Bd1 g5 43. h5 Rd6 1/2-1/2

[Event "Nakhchivan Open 2016"]
[Site "Nakhchivan AZE"]
[Date "2016.05.13"]
[Round "4.10"]
[White "Karayev, Kanan"]
[Black "Bashirli, Nail"]
[Result "1/2-1/2"]
[WhiteTitle "CM"]
[BlackTitle "FM"]
[WhiteElo "2216"]
[BlackElo "2384"]
[WhiteFideId "13406671"]
[BlackFideId "13406809"]
[EventDate "2016.05.10"]

1. e4 c5 2. Nf3 d6 3. d4 Nf6 4. Nc3 cxd4 5. Nxd4 a6 6. Bg5 e6 7. f4 Qb6 8. Qd2
Qxb2 9. Rb1 Qa3 10. e5 h6 11. Bh4 dxe5 12. fxe5 g5 13. exf6 gxh4 14. Be2 Qa5 15.
O-O Nd7 16. Kh1 Qg5 17. Rf4 e5 18. Nd5 exd4 19. Qxd4 Kd8 20. Rd1 h3 21. g3 Bd6
22. Bg4 Bxf4 23. Bxd7 Bxd7 24. Qb6+ Ke8 25. Qb4 Kd8 26. Qb6+ Ke8 1/2-1/2

[Event "Nakhchivan Open 2016"]
[Site "Nakhchivan AZE"]
[Date "2016.05.13"]
[Round "4.11"]
[White "Malakhatko, Vadim"]
[Black "Sevgi, Volkan"]
[Result "1-0"]
[WhiteTitle "GM"]
[BlackTitle "FM"]
[WhiteElo "2501"]
[BlackElo "2210"]
[WhiteFideId "14104202"]
[BlackFideId "6325335"]
[EventDate "2016.05.10"]

1. d4 d5 2. c4 e6 3. Nf3 c6 4. Qc2 f5 5. Bf4 Nf6 6. e3 Be7 7. Nc3 O-O 8. Bd3 Ne4
9. h3 Nd7 10. O-O Qe8 11. Bh2 g5 12. Ne2 Qg6 13. Ne5 Nxe5 14. Bxe5 Nd6 15. f3
Nf7 16. Bh2 Bd6 17. e4 Bxh2+ 18. Kxh2 dxe4 19. fxe4 Nh6 20. c5 Qg7 21. Qc4 Kh8
22. Rae1 Bd7 23. exf5 exf5 24. Ng3 g4 25. Qc1 Rad8 26. Qf4 Be8 27. Re5 gxh3 28.
gxh3 Bg6 29. Bc4 b6 30. Rfe1 Rd7 31. Be6 Rdd8 32. b4 bxc5 33. bxc5 Rb8 34. d5
cxd5 35. Bxd5 Rb2+ 36. R1e2 Rxe2+ 37. Rxe2 Rd8 38. Bb3 Rd4 39. Qb8+ Ng8 40. Rg2
Rh4 41. Ne2 Re4 42. Nf4 a5 43. c6 Re7 44. Qd6 Qe5 45. Qxe5+ Rxe5 46. Rxg6 1-0

[Event "Nakhchivan Open 2016"]
[Site "Nakhchivan AZE"]
[Date "2016.05.13"]
[Round "4.12"]
[White "Emiroglu, Cankut"]
[Black "Burmakin, Vladimir"]
[Result "1/2-1/2"]
[WhiteTitle "FM"]
[BlackTitle "GM"]
[WhiteElo "2302"]
[BlackElo "2554"]
[WhiteFideId "6306659"]
[BlackFideId "4105109"]
[EventDate "2016.05.10"]

1. e4 g6 2. d4 Bg7 3. Nc3 d6 4. Nf3 a6 5. a4 Bg4 6. Be2 Nc6 7. Be3 Nf6 8. h3
Bxf3 9. Bxf3 O-O 10. O-O Nd7 11. Ne2 e5 12. c3 a5 13. Rc1 exd4 14. cxd4 Nb4 15.
Nc3 c6 16. b3 Re8 17. Qd2 Nf8 18. Rfd1 Qb6 19. Be2 Qd8 20. Bc4 Nd7 21. Be2 Nf8 1/2-1/2

[Event "Nakhchivan Open 2016"]
[Site "Nakhchivan AZE"]
[Date "2016.05.13"]
[Round "4.13"]
[White "Sevdimaliyev, Urfan"]
[Black "Mustafin, Andrey"]
[Result "1/2-1/2"]
[WhiteTitle "GM"]
[BlackTitle "FM"]
[WhiteElo "2400"]
[BlackElo "2299"]
[WhiteFideId "13402463"]
[BlackFideId "13406744"]
[EventDate "2016.05.10"]

1. d4 d6 2. Nf3 Nf6 3. Bg5 g6 4. Nbd2 Bg7 5. c3 O-O 6. e4 h6 7. Bh4 Nc6 8. Bb5
a6 9. Ba4 b5 10. Bc2 e5 11. dxe5 Nxe5 12. Nxe5 dxe5 13. O-O Qe7 14. a4 Be6 15.
Qe2 Qc5 16. Nb3 Qb6 17. a5 Qa7 18. Rfe1 Rfd8 19. Kh1 Bc4 20. Qf3 g5 21. Bg3 Nd7
22. h4 Be6 23. hxg5 hxg5 24. Rad1 c5 25. Qe3 Bf6 26. Rd6 c4 27. Qxa7 Rxa7 28.
Nc1 Nb8 29. Bxe5 Rxd6 30. Bxd6 Nc6 31. e5 Bd8 32. Be4 Nxa5 33. g3 Nb7 34. Ba3
Bb6 35. f4 Nc5 36. Bxc5 Bxc5 37. f5 Bc8 38. Rd1 Rd7 39. Rxd7 Bxd7 40. Ne2 1/2-1/2

[Event "Nakhchivan Open 2016"]
[Site "Nakhchivan AZE"]
[Date "2016.05.13"]
[Round "4.14"]
[White "Noroozi, Omid"]
[Black "Bagheri, Maziar"]
[Result "0-1"]
[WhiteTitle "IM"]
[WhiteElo "2391"]
[BlackElo "2266"]
[WhiteFideId "12501190"]
[BlackFideId "12530913"]
[EventDate "2016.05.10"]

1. c4 c5 2. Nf3 Nc6 3. Nc3 g6 4. g3 Bg7 5. Bg2 e6 6. d3 Nge7 7. Bf4 d6 8. Qc1
Nf5 9. O-O h6 10. h4 a6 11. Rb1 Rb8 12. a3 a5 13. Re1 e5 14. Bd2 Be6 15. Nd5 b5
16. cxb5 Rxb5 17. Ne3 Nfe7 18. Nc4 a4 19. Qd1 Rb3 20. Bc3 O-O 21. Ncd2 Rb8 22.
e4 Ra8 23. Nc4 Bxc4 24. dxc4 Nd4 25. Nxd4 exd4 26. Bd2 Ra7 27. h5 Qd7 28. hxg6
fxg6 29. f4 Rb8 30. f5 Rb3 31. Qg4 Nc6 32. Qxg6 Ne5 33. Qh5 Qf7 34. Qh4 Qf6 35.
Qxf6 Bxf6 36. Bf4 Rab7 37. Red1 Kg7 38. Bf1 Rxb2 39. Rxb2 Rxb2 40. g4 Nf3+ 41.
Kh1 Be5 42. Rd3 Rf2 43. Bxe5+ dxe5 44. Bg2 Ne1 0-1

[Event "Nakhchivan Open 2016"]
[Site "Nakhchivan AZE"]
[Date "2016.05.13"]
[Round "4.15"]
[White "Iskandarov, Misratdin"]
[Black "Mamedjarova, Zeinab"]
[Result "1-0"]
[WhiteTitle "IM"]
[BlackTitle "WGM"]
[WhiteElo "2419"]
[BlackElo "2236"]
[WhiteFideId "13400312"]
[BlackFideId "13401521"]
[EventDate "2016.05.10"]

1. e4 d5 2. exd5 Qxd5 3. Nc3 Qd8 4. d4 Nf6 5. Nf3 e6 6. Bg5 Be7 7. Bd3 O-O 8.
Qe2 Nc6 9. O-O-O Nb4 10. Bc4 a6 11. a3 Nbd5 12. Nxd5 exd5 13. Bd3 Ne4 14. Bxe7
Qxe7 15. Nd2 Re8 16. Rhe1 Qd8 17. Nxe4 dxe4 18. Bxe4 Bf5 19. Qf3 Bxe4 20. Rxe4
Rxe4 21. Qxe4 c6 22. d5 cxd5 23. Rxd5 Qc7 24. f4 h6 25. Kb1 Rc8 26. Re5 b5 27.
g3 Rd8 28. b3 Qd7 29. Re7 Qd2 30. h4 Qc3 31. Re8+ Rxe8 32. Qxe8+ Kh7 33. Qxf7
Qxg3 34. Qf5+ Kh8 35. h5 Qg1+ 36. Ka2 Qf2 37. Qe4 Qh2 38. Qg6 a5 39. Kb2 Qe2 40.
Qf5 a4 41. bxa4 bxa4 42. Qd5 Qe8 43. c4 Qb8+ 44. Qb5 Qxf4 45. Kc3 Qe3+ 46. Kb4
Qb3+ 47. Ka5 Qxa3 48. c5 Qc3+ 49. Qb4 Qc2 50. Kb5 Qd3+ 51. Kxa4 Qa6+ 52. Kb3
Qd3+ 53. Qc3 Qb5+ 54. Kc2 Qe2+ 55. Kc1 Qxh5 56. c6 Qg5+ 57. Kd1 Qh5+ 58. Kd2
Qg5+ 59. Kd3 Qd5+ 60. Ke3 Qe6+ 61. Kf2 Qf5+ 62. Qf3 Qc5+ 63. Kg3 Qd6+ 64. Kg2
Qg6+ 65. Kf2 Qc2+ 66. Kg3 Qg6+ 67. Kh4 Qg5+ 68. Kh3 Qc5 69. Qe4 Kg8 70. Qe6+ Kh7
71. Kg4 Qd4+ 72. Kf5 Qf2+ 73. Ke5 Qc5+ 74. Ke4 Qb4+ 75. Kd5 Qd2+ 76. Kc5 Qa5+
77. Kd6 Qd8+ 78. Qd7 Qb8+ 79. c7 Qb4+ 80. Ke6 Qe4+ 81. Kf7 Qf4+ 82. Ke8 Qe5+ 83.
Kf8 Qc5+ 84. Ke8 Qe5+ 85. Qe7 Qb5+ 86. Kd8 Qd5+ 87. Qd7 Qg5+ 88. Kc8 Qa5 89.
Qd3+ Kh8 90. Qc4 Qf5+ 91. Kb7 Qb1+ 92. Kc6 Qg6+ 93. Kd7 Qf5+ 94. Qe6 Qb5+ 95.
Kd8 Qg5+ 96. Kd7 Qb5+ 97. Ke7 Qg5+ 98. Kd6 Qd2+ 99. Qd5 Qf4+ 100. Kc6 Qa4+ 101.
Kb7 Qb4+ 102. Kc8 Qg4+ 103. Qd7 Qe4 104. Qb5 Qg4+ 105. Kb8 Qf4 106. Qc5 Kh7 107.
Qc3 Kh8 108. Ka7 Qf7 109. Kb8 Qf4 110. Qc5 Kh7 111. Qc2+ Kh8 112. Qc3 Qd6 113.
Ka7 Qd7 114. Qc4 Qe7 115. Kb7 h5 116. Qb5 h4 117. Kb8 Qd6 118. Qe8+ Kh7 119.
Qe4+ Kg8 120. Kb7 Qd7 121. Qc4+ Kf8 122. Qc5+ Kf7 123. Kb8 1-0

[Event "Nakhchivan Open 2016"]
[Site "Nakhchivan AZE"]
[Date "2016.05.13"]
[Round "4.16"]
[White "Mammadov, Zaur"]
[Black "Khalafova, Narmin"]
[Result "1/2-1/2"]
[WhiteTitle "GM"]
[BlackTitle "WIM"]
[WhiteElo "2465"]
[BlackElo "2193"]
[WhiteFideId "13401033"]
[BlackFideId "13402625"]
[EventDate "2016.05.10"]

1. Nf3 Nf6 2. b3 g6 3. Bb2 Bg7 4. g3 b6 5. Bg2 Bb7 6. O-O O-O 7. d4 c5 8. e3 Na6
9. c4 d5 10. Ne5 e6 11. Nc3 Qe7 12. dxc5 bxc5 13. Qe2 Rfd8 14. Rfd1 Rac8 15.
Rac1 Nb4 16. a3 Nc6 17. Nxc6 Bxc6 18. cxd5 exd5 19. Na2 d4 20. Bxc6 Rxc6 21.
Bxd4 Rcd6 22. Bxf6 Rxd1+ 23. Rxd1 Rxd1+ 24. Qxd1 Qxf6 25. a4 Qb2 26. Nc1 Qb1 27.
Qf1 h5 28. h4 Bf6 29. a5 Kg7 30. Kg2 Qe4+ 31. Kh2 Qc2 32. Nd3 Kg8 33. Nf4 Qxb3
34. Qa6 Qa2 35. Kg2 Bc3 36. Qxa7 Qxa5 37. Qb8+ Kg7 38. Qb7 Qa2 39. Qe4 Ba1 40.
Qe7 Qa8+ 41. Kh2 Qc6 42. Qg5 Qf3 43. Kg1 c4 44. Qd5 Qxd5 45. Nxd5 Be5 46. Kf1 f6
47. Ke2 Kf7 48. Nb6 c3 49. Kd3 Ke6 50. Nc4 Bc7 51. Kxc3 g5 52. Kd3 Kf5 53. e4+
Kg4 54. hxg5 fxg5 55. Ke2 h4 56. Ne3+ Kh5 57. Kf3 hxg3 58. fxg3 Bb8 59. Ng4 Kg6
60. Nf2 Kh5 61. g4+ Kg6 62. Ke2 Ba7 63. Nh3 Kf6 64. Kd3 Bb6 65. Ke2 Ke5 66. Kf3
Bd8 67. Nf2 Kd4 68. Nd1 Bc7 69. Ne3 Bb6 70. Nd5 Bc5 71. Nf6 Ke5 72. Nd7+ Kd6 73.
Nf6 Ke6 74. Nd5 Ke5 75. Ne3 Bb4 76. Nc4+ Kd4 77. Nb6 Bc5 78. Nd7 Bd6 79. Nf6 Be7
80. Ng8 Bd8 81. Nh6 Bc7 82. Nf7 Bf4 83. Nd8 Ke5 84. Nc6+ Ke6 85. Nb4 Bd2 86. Nd3
Kd6 87. Ke2 Ba5 88. Kd1 Bb6 89. Kc2 Bg1 90. Kb3 Ke6 91. Kc4 Kd6 92. Kb5 Bd4 93.
Ka6 Kc6 94. Ne1 Be3 95. Nf3 Bf4 96. Ka7 Kc7 97. Ne1 Be3+ 98. Ka6 Kc6 99. Nd3 Bd4
100. Ka5 Bc3+ 101. Ka4 Kd6 102. Kb5 Bd4 103. Ka6 Kc6 104. Ne1 Be3 105. Nf3 Bf4
106. Ka7 Kc7 107. Ne1 Be3+ 108. Ka6 Kc6 109. Nc2 Bc5 110. Ka5 Bg1 111. Ne1 Kd6 1/2-1/2

[Event "Nakhchivan Open 2016"]
[Site "Nakhchivan AZE"]
[Date "2016.05.13"]
[Round "4.17"]
[White "Balajayeva, Khanim"]
[Black "Kazimova, Narmin"]
[Result "0-1"]
[WhiteTitle "WFM"]
[BlackTitle "WGM"]
[WhiteElo "2180"]
[BlackElo "2364"]
[WhiteFideId "13406396"]
[BlackFideId "13402951"]
[EventDate "2016.05.10"]

1. e4 e5 2. Nf3 Nc6 3. Bc4 Bc5 4. c3 Nf6 5. b4 Bb6 6. d3 a6 7. Nbd2 O-O 8. a4 d5
9. exd5 Nxd5 10. Ne4 Bg4 11. h3 Bh5 12. O-O f6 13. Ba3 Re8 14. Qb3 Bf7 15. Rfe1
Qd7 16. Rad1 Rad8 17. Nh2 Kh8 18. Bb2 Bh5 19. g4 Nf4 20. d4 Nxh3+ 21. Kh1 Bg6
22. Kg2 Nf4+ 23. Kf1 exd4 24. Bc1 Rxe4 25. Rxe4 Bxe4 26. Bxf4 d3 27. Rd2 Ne5 28.
Be6 Qc6 29. b5 axb5 30. Qxb5 Qxc3 31. Qb1 Ng6 0-1

[Event "Nakhchivan Open 2016"]
[Site "Nakhchivan AZE"]
[Date "2016.05.13"]
[Round "4.18"]
[White "Mammadova, Gulnar"]
[Black "Mamedjarova, Turkan"]
[Result "1/2-1/2"]
[WhiteTitle "WGM"]
[BlackTitle "WGM"]
[WhiteElo "2319"]
[BlackElo "2257"]
[WhiteFideId "13403508"]
[BlackFideId "13402005"]
[EventDate "2016.05.10"]

1. d4 d5 2. c4 e6 3. Nc3 Nf6 4. Nf3 c6 5. Qc2 Bd6 6. e4 dxe4 7. Nxe4 Nxe4 8.
Qxe4 Nd7 9. Bd3 Nf6 10. Qe2 O-O 11. O-O 1/2-1/2

[Event "Nakhchivan Open 2016"]
[Site "Nakhchivan AZE"]
[Date "2016.05.13"]
[Round "4.19"]
[White "Bayramov, Zaur"]
[Black "Hojjatova, Aydan"]
[Result "1/2-1/2"]
[BlackTitle "WFM"]
[WhiteElo "2241"]
[BlackElo "2300"]
[WhiteFideId "13405080"]
[BlackFideId "13401491"]
[EventDate "2016.05.10"]

1. c4 e5 2. Nc3 Nf6 3. g3 d5 4. cxd5 Nxd5 5. Bg2 Nb6 6. Nf3 Nc6 7. d3 Be7 8. O-O
O-O 9. a3 Be6 10. Bd2 a5 11. Na4 Nxa4 12. Qxa4 f6 13. Rfc1 Qd7 14. Be3 Bd5 15.
Bc5 Rfd8 16. Bxe7 Qxe7 17. e3 Ra6 18. Rc3 Rb6 19. Qc2 e4 20. Nd2 exd3 21. Rxd3
Bxg2 22. Kxg2 Ne5 23. Rc3 Rd7 24. Nb3 Qf7 25. Nc5 Rd8 26. e4 Rdd6 27. Rd1 Rxd1
28. Qxd1 Rd6 29. Qc2 b6 30. Nd3 Rxd3 31. Rxd3 Nxd3 32. Qxd3 Qe7 33. Qd5+ Kf8 34.
f4 c5 35. h4 Qc7 36. h5 b5 37. Kf3 b4 38. Qc4 Qd6 39. Ke2 bxa3 40. bxa3 Qb6 41.
Kf3 Qd6 42. Ke3 Ke7 43. Ke2 Qb6 44. Qg8 Qb2+ 45. Kf3 Qxa3+ 46. Kg4 f5+ 47. exf5
Qc3 48. Qe6+ Kf8 49. h6 Qf6 50. Qc8+ Kf7 51. Qc7+ Kg8 52. Qxc5 Qxh6 53. Qxa5 Qd6
54. Qe1 Kf7 55. Qh1 Kg8 56. Qe4 Kf7 57. Qc4+ Kf6 58. Qb3 Qd7 59. Qb2+ Kf7 60.
Qe2 Qd5 61. Qe1 Kf6 62. Qa1+ Kf7 63. Qa7+ Kf6 64. Qb6+ Kf7 65. Qc7+ Kf6 66. Qc2
Qd7 67. Qc3+ Kf7 68. Qb3+ Kf6 69. Qc2 Qd5 70. Qb1 Qd7 71. Qb2+ Kf7 72. Qa1 Qd5
73. Kg5 Qd8+ 74. Kh5 Qd3 1/2-1/2

[Event "Nakhchivan Open 2016"]
[Site "Nakhchivan AZE"]
[Date "2016.05.13"]
[Round "4.20"]
[White "Bayramov, Elvin"]
[Black "Mammadova, Narmin"]
[Result "1-0"]
[BlackTitle "WIM"]
[WhiteElo "2262"]
[BlackElo "2183"]
[WhiteFideId "13406655"]
[BlackFideId "13403710"]
[EventDate "2016.05.10"]

1. e4 e6 2. d3 d5 3. Nd2 Nf6 4. Ngf3 g6 5. e5 Nfd7 6. d4 Bg7 7. Bd3 c5 8. c3 Nc6
9. O-O O-O 10. Bc2 b6 11. Re1 cxd4 12. cxd4 Ba6 13. Nb1 f6 14. exf6 Qxf6 15. Bg5
Qf7 16. Be3 Nf6 17. Ng5 Qd7 18. Nc3 Rae8 19. Ba4 Bb7 20. Rc1 a6 21. h3 b5 22.
Bc2 Ba8 23. Ne2 Nb4 24. Bb1 Ne4 25. Nf3 Nc6 26. Ne5 Bxe5 27. dxe5 Nxe5 28. f4
Nc4 29. Rxc4 bxc4 30. Bxe4 Qb7 31. Bf3 Qxb2 32. Bd4 Qb7 33. Bg4 h5 34. Bf3 Kh7
35. Qc2 Kh6 36. Rb1 Qf7 37. Qb2 Kh7 38. Be5 Qf5 39. Rd1 Qf7 40. Nd4 Rc8 41. Qc2
Kg8 42. g4 h4 43. g5 Rfe8 44. Bg4 c3 45. Qf2 c2 46. Rc1 Rc4 47. Rxc2 Qb7 48. Rb2
Rc1+ 49. Kg2 Qh7 50. Bxe6+ Rxe6 51. Rb8+ Kf7 52. Rxa8 Re8 53. Qb2 Rxa8 54. Qb7+
Kg8 55. Qxa8+ Kf7 56. Qxd5+ 1-0

[Event "Nakhchivan Open 2016"]
[Site "Nakhchivan AZE"]
[Date "2016.05.13"]
[Round "4.21"]
[White "Gasimov, Parviz"]
[Black "Suleymanli, Aydin"]
[Result "1-0"]
[WhiteTitle "FM"]
[BlackTitle "CM"]
[WhiteElo "2375"]
[BlackElo "2091"]
[WhiteFideId "13408798"]
[BlackFideId "13413937"]
[EventDate "2016.05.10"]

1. e4 e6 2. d4 d5 3. Nd2 Nf6 4. Bd3 c5 5. c3 cxd4 6. cxd4 dxe4 7. Nxe4 Bd7 8.
Nc3 Bc6 9. Nf3 Nbd7 10. O-O Bd6 11. Re1 O-O 12. Ne5 Rc8 13. Bg5 Be7 14. Nxc6
Rxc6 15. Qf3 Qa5 16. Bd2 Qd8 17. Bf4 Re8 18. d5 Rxc3 19. bxc3 Nxd5 20. Bb5 a6
21. Bxd7 Qxd7 22. c4 Nxf4 23. Qxf4 Bc5 24. Red1 Qe7 25. Qd2 Qf6 26. Rab1 b6 27.
Rb3 g6 28. Rf3 Qh4 29. Rf4 Qh5 30. Qd7 Re7 31. Qd8+ Kg7 32. Rf3 Qe5 33. Qd2 Qe4
34. Rf4 Qe5 35. Re1 Rd7 36. Rxf7+ 1-0

[Event "Nakhchivan Open 2016"]
[Site "Nakhchivan AZE"]
[Date "2016.05.13"]
[Round "4.22"]
[White "Zarinfam, Arsalan"]
[Black "Abdulla, Khayala"]
[Result "0-1"]
[WhiteTitle "FM"]
[BlackTitle "WGM"]
[WhiteElo "2301"]
[BlackElo "2209"]
[WhiteFideId "12504262"]
[BlackFideId "13401807"]
[EventDate "2016.05.10"]

1. d4 Nf6 2. c4 e6 3. g3 d5 4. Nf3 dxc4 5. Qa4+ c6 6. Qxc4 b5 7. Qc2 Bb7 8. Bg2
Nbd7 9. a4 a6 10. Nc3 c5 11. O-O b4 12. Nb1 Rc8 13. Nbd2 cxd4 14. Qb3 Bc5 15.
Ng5 Bxg2 16. Kxg2 O-O 17. a5 Nd5 18. Nde4 Ne5 19. Rd1 Ba7 20. Bf4 Nxf4+ 21. gxf4
Ng6 22. Qg3 Qd5 23. f3 Rc2 24. Kh1 Qf5 25. Rac1 Rxe2 26. Nd6 Qxf4 27. Qxf4 Nxf4
28. Nc8 h6 29. Ne4 Bb8 30. Ng3 Rxb2 31. Rxd4 Nh3 32. Rc6 Be5 33. Rdc4 Rd8 0-1